000 01086nam a22002175i 4500
001 162496
003 ES-MaACL
005 20250718055923.0
008 020205s1891 sp |||| | spa d
040 _aCAM
_bspa
_cCAM
100 1 _aPou, Jerónimo.
_9131316
245 1 3 _aLa estatua del amor
_b: opereta cómica en dos actos y en prosa /
_carreglada del francés a nuestra escena por Jerónimo Pou y Angel de la Guardia ; música del maestro Louis Varney.
260 _aMadrid :
_b[s.n.],
_c1891 (
_fR. Velasco impresor)
300 _a45 p. ;
_c20 cm.
500 _aRepresentada en el teatro Eslava de Madrid la noche del 30 de octubre de 1891.
596 _aEn verso de la port. consta: "... Galerías Biblioteca lírico-dramática y Teatro cómico de Arregui y Aruej ..."
700 1 _aGuardia, Ángel de la
_960305
700 1 _aVarney, Louis.
_9133562
852 _aES-MaACL
_jD-2488(2)
_z-- Enc. hol. conservando la cub. original
_z-- Legado M. de La Fuente
_z-- Ded. ms. de Angel de La Guardia a Manuel de La Fuente
_z-- Enc. en un vol. facticio
999 _c162496
_d162496